Engineering economic analysis (Record no. 554435)
[ view plain ]
| 000 -LEADER | |
|---|---|
| fixed length control field | 00822cam a2200193 i 4500 |
| 020 ## - INTERNATIONAL STANDARD BOOK NUMBER | |
| International Standard Book Number | 9780190931919 (hardcover : acidfree paper) |
| 082 00 - DEWEY DECIMAL CLASSIFICATION NUMBER | |
| Classification number | 658.15 |
| Author Mark | NEW |
| -- | N-02,P-101 |
| 100 1# - MAIN ENTRY--PERSONAL NAME | |
| Personal name | Newnan, Donald G., |
| 9 (RLIN) | 24913 |
| 245 10 - TITLE STATEMENT | |
| Title | Engineering economic analysis |
| Statement of responsibility, etc. | Donald G. Newnan, San Jose State University, Ted G. Eschenbach, University of Alaska Anchorage, Jerome P. Lavelle, North Carolina State University, Neal A. Lewis, University of New Haven. |
| 250 ## - EDITION STATEMENT | |
| Edition statement | Fourteenth Edition. |
| 260 ## - PUBLICATION, DISTRIBUTION, ETC. | |
| Place of publication, distribution, etc. | New York, |
| Name of publisher, distributor, etc. | Oxford University Press, |
| Date of publication, distribution, etc. | 2020. |
| 300 ## - PHYSICAL DESCRIPTION | |
| Extent | xxiv, 695 pages : |
| Other physical details | illustrations ; |
| Dimensions | 23 cm |
| 526 ## - STUDY PROGRAM INFORMATION NOTE | |
| Program name | 0 |
| Interest level | 0 |
| Reading level | 0 |
| Title point value | 658_150000000000000_NEW |
| 650 #0 - SUBJECT ADDED ENTRY--TOPICAL TERM | |
| Topical term or geographic name entry element | Engineering economy. |
| 700 1# - ADDED ENTRY--PERSONAL NAME | |
| Personal name | Eschenbach, Ted G., |
| 9 (RLIN) | 36094 |
| 700 1# - ADDED ENTRY--PERSONAL NAME | |
| Personal name | Lavelle, Jerome P., |
| 9 (RLIN) | 24917 |
| 700 1# - ADDED ENTRY--PERSONAL NAME | |
| Personal name | Lewis, Neal A., |
| 9 (RLIN) | 36095 |
| 942 ## - ADDED ENTRY ELEMENTS (KOHA) | |
| Source of classification or shelving scheme | |
| Koha item type | Book |
| Withdrawn status | Lost status | Source of classification or shelving scheme | Damaged status | Not for loan | Permanent Location | Current Location | Date acquired | Total Checkouts | Full call number | Barcode | Date last seen | Date last checked out | Price effective from | Koha item type |
|---|---|---|---|---|---|---|---|---|---|---|---|---|---|---|
| Military College of Engineering (MCE) | Military College of Engineering (MCE) | 11/16/2020 | 1 | 658.15 NEW | MCE-51487 | 11/18/2020 | 11/18/2020 | 11/16/2020 | Book |
